ზოგადი ფონეტიკის საფუძვლები / (ბიბ.ჩანაწერი № 54527)
[ მარტივი ფორმატი ]
| 000 -ლიდერი | |
|---|---|
| ფიქსირებული სიგრძის საკონტროლო ველი | 01079nam a2200241Ia 4500 |
| 001 - საკონტროლო ნომერი | |
| საკონტროლო ველი | 21591 |
| 003 - საკონტროლო ნომრის იდენტიფიკატორი | |
| საკონტროლო ველი | GE_BSU |
| 005 - ბოლო ოპერაციის თარიღი და დრო | |
| საკონტროლო ველი | 20211207180305.0 |
| 008 - ფიქსირებული სიგრძის მონაცემთა ელემენტები - ზოგადი ინფორმაცია | |
| ფიქსირებული სიგრძის საკონტროლო ველი | 181216s1949||||ge |||||||||||||| ||geo|| |
| 040 ## - კატალოგიზაციის წყარო | |
| Transcribing agency | GE_BSU |
| 041 ## - ენის კოდი | |
| Language code of text/sound track or separate title | geo |
| 080 ## - უნივერსალური ათობითი კლასიფიკაციის ინდექსი | |
| Universal Decimal Classification number | 811.353.1'342 ა-98 |
| 100 ## - მთავარი ჩანაწერი - პიროვნების სახელი | |
| Personal name | ახვლედიანი, გიორგი |
| 9 (RLIN) | 13208 |
| 245 ## - ცნობა სათაურის შესახებ | |
| Title | ზოგადი ფონეტიკის საფუძვლები / |
| Statement of responsibility, etc | გიორგი ახვლედიანი ; რედ. თ. გამყრელიძე. |
| 264 ## - წარმოების, გამოცემის, დისტრიბუციის და სხვა ცნობები | |
| გამოცემის, წარმოების, დისტრიბუციის... ადგილი | თბილისი : |
| გამოცემის, წარმოების, დისტრიბუციის... სახელწოდება | სტალინის სახ. თბილისის სახელმწ. უნ-ტის გამ-ბა, |
| გამოცემის, წარმოების, დისტრიბუციის... თარიღი | 1949. |
| 300 ## - ფიზიკური აღწერა | |
| Extent | 438 გვ. ; |
| Dimensions | 21 სმ. |
| 500 ## - ზოგადი შენიშვნა | |
| General note | დანართი საძიებელი, გვ. : 421-436 |
| 653 ## - INDEX TERM--UNCONTROLLED | |
| Uncontrolled term | ქართული ენა |
| 653 ## - INDEX TERM--UNCONTROLLED | |
| Uncontrolled term | ქართული ენის ფონეტიკა |
| 700 ## - ADDED ENTRY--PERSONAL NAME | |
| Personal name | გამყრელიძე, თ. |
| Relator term | რედაქტორი |
| 9 (RLIN) | 3546 |
| 942 ## - ADDED ENTRY ELEMENTS (KOHA) | |
| Koha item type | წიგნი |
| Source of classification or shelving scheme | |
| ჩამოწერის სტატუსი | დაკარგული ეგზემპლარის სტატუსი | კლასიფიკაციის წყარო ან თაროზე გაწყობის სქემა | დაზიანების სტატუსი | არ გაიცემა | მუდმივი მდებარეობა (დაცვის ადგილი) | ამჟამინდელი ადგილსამყოფელი | თაროზე განთავსების ადგილი | შეძენის თარიღი | ღირებულება, შესყიდვის ნორმალური ფასი | სრული შენახვის შიფრი | შტრიხკოდი | ბოლო ოპერაციის თარიღი | ეგზემპლარის მიმდევრობითი ნომერი (კეტერი?) | ფასის ძალაში შესვლის თარიღი | ეგზემპლარის სახეობა | საჯარო შენიშვნა |
|---|---|---|---|---|---|---|---|---|---|---|---|---|---|---|---|---|
| ბათუმის შოთა რუსთაველის სახელმწიფო უნივერსიტეტის მთავარი ბიბლიოთეკა | ბათუმის შოთა რუსთაველის სახელმწიფო უნივერსიტეტის მთავარი ბიბლიოთეკა | წიგნსაცავი | 2018-12-17 | 3.00 | 811.353.1'342 ა-98 | 55624 | 2018-12-17 | 55624 | 2018-12-17 | წიგნი | 3.00 ₾. | |||||
| ბათუმის შოთა რუსთაველის სახელმწიფო უნივერსიტეტის მთავარი ბიბლიოთეკა | ბათუმის შოთა რუსთაველის სახელმწიფო უნივერსიტეტის მთავარი ბიბლიოთეკა | წიგნსაცავი | 2018-12-17 | 3.00 | 811.353.1'342 ა-98 | 55625 | 2018-12-17 | 55625 | 2018-12-17 | წიგნი | 3.00 ₾. | |||||
| ბათუმის შოთა რუსთაველის სახელმწიფო უნივერსიტეტის მთავარი ბიბლიოთეკა | ბათუმის შოთა რუსთაველის სახელმწიფო უნივერსიტეტის მთავარი ბიბლიოთეკა | წიგნსაცავი | 2018-12-17 | 3.00 | 811.353.1'342 ა-98 | 56627 | 2018-12-17 | 56627 | 2018-12-17 | წიგნი | 3.00 ₾. | |||||
| ბათუმის შოთა რუსთაველის სახელმწიფო უნივერსიტეტის მთავარი ბიბლიოთეკა | ბათუმის შოთა რუსთაველის სახელმწიფო უნივერსიტეტის მთავარი ბიბლიოთეკა | წიგნსაცავი | 2018-12-17 | 3.00 | 811.353.1'342 ა-98 | 56628 | 2018-12-17 | 56628 | 2018-12-17 | წიგნი | 3.00 ₾. | |||||
| ბათუმის შოთა რუსთაველის სახელმწიფო უნივერსიტეტის მთავარი ბიბლიოთეკა | ბათუმის შოთა რუსთაველის სახელმწიფო უნივერსიტეტის მთავარი ბიბლიოთეკა | წიგნსაცავი | 2018-12-17 | 3.00 | 811.353.1'342 ა-98 | 56629 | 2018-12-17 | 56629 | 2018-12-17 | წიგნი | 3.00 ₾. |
